[Event "2FoglarVeterans_GM_B"]
[Site "?"]
[Date "2006.??.??"]
[Round "?"]
[White "Green, Wesley C. (USA)"]
[Black "Isigkeit, Hans-Jurgen (GER)"]
[Result "1-0"]
[WhiteElo "2438"]
[BlackElo "2441"]
[PlyCount "89"]
[EventDate "2006.??.??"]
[EventType "corr"]
[SourceDate "2006.05.16"]

1. e4 c6 2. d4 d5 3. e5 Bf5 4. Nf3 e6 5. Be2 c5 6. Be3 Qb6 7. Nc3 c4 8. Qc1 Bb4
9. O-O Bxc3 10. bxc3 Ne7 11. Rb1 Qc7 12. Nh4 Nbc6 13. Nxf5 Nxf5 14. Bg5 h6 15.
Bf4 O-O 16. g4 Nfe7 17. Bg3 Rab8 18. f4 Qd7 19. Bf3 b5 20. a3 a5 21. Qe3 Rb7
22. Bh4 Rfb8 23. Qd2 Ng6 24. Bg3 Nge7 25. f5 exf5 26. gxf5 Nxf5 27. Bg4 Nce7
28. Qf4 g6 29. Bh4 Rb6 30. Qf3 b4 31. cxb4 axb4 32. Rxb4 h5 33. Bh3 Rxb4 34.
axb4 Rxb4 35. Kh1 Kf8 36. Bxe7+ Kxe7 37. Qg2 Qe6 38. Qg5+ Ke8 39. Bxf5 gxf5 40.
Qxh5 Qg6 41. Qh8+ Ke7 42. Rg1 Qb6 43. Rg8 Rb1+ 44. Kg2 Rb2 45. Kf3 1-0

[Event "2FoglarVeterans_GM_B"]
[Site "?"]
[Date "2006.??.??"]
[Round "?"]
[White "Krol, Wladyslaw (POL)"]
[Black "Horvath, Alexander (SVK)"]
[Result "0-1"]
[WhiteElo "2410"]
[BlackElo "2413"]
[PlyCount "82"]
[EventDate "2006.??.??"]
[EventType "corr"]
[SourceDate "2006.05.16"]

1. e4 c5 2. f4 e6 3. Nf3 d5 4. Nc3 dxe4 5. Ng5 Nf6 6. Bc4 Nc6 7. Ngxe4 Be7 8.
d3 O-O 9. a3 Nxe4 10. Nxe4 Bh4+ 11. g3 Be7 12. Be3 b6 13. Qh5 Nd4 14. Bxd4 Qxd4
15. Qe5 Bd7 16. Kd2 Bc6 17. Qxd4 cxd4 18. Rhf1 Rac8 19. Rae1 Rc7 20. f5 exf5
21. Rxf5 g6 22. Re5 Kg7 23. h4 Bb7 24. Kd1 h6 25. Bd5 Bc8 26. Bc4 a6 27. Bb3 f5
28. Ng5 Bxg5 29. hxg5 hxg5 30. Rd5 f4 31. Rxd4 f3 32. Rf1 g4 33. Rh1 b5 34. Bd5
Rd8 35. Kd2 Bf5 36. c3 Re7 37. Re1 Rxe1 38. Kxe1 Rh8 39. c4 Rh1+ 40. Kf2 Rh2+
41. Kf1 Rg2 0-1

[Event "2FoglarVeterans_GM_B"]
[Site "?"]
[Date "2006.??.??"]
[Round "?"]
[White "Berggreen, Anders (DEN)"]
[Black "Salov, Sergey A. (RUS)"]
[Result "1-0"]
[WhiteElo "2414"]
[BlackElo "2383"]
[PlyCount "61"]
[EventDate "2006.??.??"]
[EventType "corr"]
[SourceDate "2006.05.16"]

1. c4 e5 2. Nc3 Bb4 3. Nd5 Bc5 4. Nf3 c6 5. Nc3 Qe7 6. e3 Bb6 7. d4 exd4 8.
Nxd4 d6 9. Be2 Nf6 10. O-O O-O 11. b3 Nbd7 12. Bb2 Nc5 13. Qc2 Nce4 14. Nxe4
Nxe4 15. Bd3 Re8 16. Rad1 Bc5 17. f3 Nf6 18. Rfe1 Bd7 19. Kh1 h6 20. Bf5 g6 21.
Bxd7 Nxd7 22. Qc3 Qf6 23. e4 a5 24. a3 Ne5 25. Ne2 Re6 26. Rf1 h5 27. h3 h4 28.
b4 axb4 29. axb4 Bb6 30. f4 Nd7 31. e5 1-0

[Event "2FoglarVeterans_GM_B"]
[Site "?"]
[Date "2006.??.??"]
[Round "?"]
[White "Kurylo, Ryszard (LTU)"]
[Black "Green, Wesley C. (USA)"]
[Result "1/2-1/2"]
[WhiteElo "2424"]
[BlackElo "2438"]
[PlyCount "81"]
[EventDate "2006.??.??"]
[EventType "corr"]
[SourceDate "2006.05.16"]

1. d4 d5 2. c4 e6 3. Nc3 c6 4. e3 Nf6 5. Nf3 Nbd7 6. Qc2 Bd6 7. Be2 O-O 8. O-O
dxc4 9. Bxc4 Qe7 10. h3 e5 11. b3 Bb4 12. Bd2 Bxc3 13. Bxc3 e4 14. Ne5 Nd5 15.
Bb2 Qh4 16. g3 Qxh3 17. Qxe4 Nxe5 18. dxe5 Bf5 19. Qh4 Qxh4 20. gxh4 Nb6 21.
Be2 Nd5 22. Rfd1 Be6 23. Rd3 a5 24. a3 f5 25. exf6 Nxf6 26. Rad1 a4 27. Bxf6
gxf6 28. b4 Bc4 29. R3d2 Bb3 30. Rc1 Rfd8 31. Rd3 Kf7 32. f3 Ke6 33. Rc5 f5 34.
Kf2 Rd5 35. Rdxd5 Bxd5 36. Bd3 b6 37. Rc1 Ke5 38. Be2 Rg8 39. Bd1 Ra8 40. Rc3
Ra7 41. Bc2 1/2-1/2

[Event "2FoglarVeterans_GM_B"]
[Site "?"]
[Date "2006.??.??"]
[Round "?"]
[White "Roos, Jacqueline (FRA)"]
[Black "Green, Wesley C. (USA)"]
[Result "1/2-1/2"]
[WhiteElo "2406"]
[BlackElo "2438"]
[PlyCount "86"]
[EventDate "2006.??.??"]
[EventType "corr"]
[SourceDate "2006.05.16"]

1. e4 e5 2. Nf3 Nc6 3. Bb5 a6 4. Ba4 Nf6 5. O-O Be7 6. Re1 b5 7. Bb3 d6 8. c3
O-O 9. h3 Bb7 10. d4 Re8 11. Nbd2 Bf8 12. d5 Nb8 13. Nf1 Nbd7 14. N3h2 Nc5 15.
Bc2 c6 16. b4 Ncd7 17. dxc6 Bxc6 18. Bg5 Qc7 19. Ng4 Nxg4 20. Qxg4 Nb6 21. Bb3
d5 22. Ng3 Qc8 23. Qf3 Qe6 24. Rad1 dxe4 25. Nxe4 Nc4 26. Qg3 Qg6 27. Bc2 f5
28. Nd2 Bd5 29. Nxc4 Bxc4 30. a3 Rac8 31. Bd2 Qxg3 32. fxg3 g6 33. g4 e4 34.
gxf5 gxf5 35. g4 Be6 36. gxf5 Bxf5 37. Re3 Kh8 38. Rf1 Bg6 39. Be1 Rc6 40. a4
Bh6 41. Re2 Bg7 42. Re3 Bh6 43. Re2 Bg7 1/2-1/2

[Event "2FoglarVeterans_GM_B"]
[Site "?"]
[Date "2006.??.??"]
[Round "?"]
[White "Krol, Wladyslaw (POL)"]
[Black "Isigkeit, Hans-Jurgen (GER)"]
[Result "0-1"]
[WhiteElo "2410"]
[BlackElo "2441"]
[PlyCount "74"]
[EventDate "2006.??.??"]
[EventType "corr"]
[SourceDate "2006.05.16"]

1. e4 c6 2. f4 d5 3. Nf3 dxe4 4. Ng5 Nf6 5. Bc4 e6 6. Nc3 Nbd7 7. Qe2 b5 8. Bb3
a5 9. Bxe6 fxe6 10. Nxe6 Qb6 11. Nxe4 Nxe4 12. Qxe4 Nf6 13. Nc7+ Kf7 14. Nxa8
Qb8 15. Qxc6 Bd7 16. Qc7 Qxa8 17. O-O Be7 18. c3 Re8 19. d3 Bc6 20. f5 Bxg2 21.
Rf2 Bc6 22. Bg5 Kg8 23. Re1 Bc5 24. Rxe8+ Nxe8 25. Qe5 Bxf2+ 26. Kxf2 Qa7+ 27.
Ke2 Qf7 28. Bd8 Bd7 29. b3 a4 30. Ke3 h6 31. Bh4 Qh5 32. Qd5+ Kh7 33. Qxd7 Qxh4
34. Qxb5 Qe1+ 35. Kf3 Qf1+ 36. Ke3 a3 37. Qa4 Qg1+ 0-1

[Event "2FoglarVeterans_GM_B"]
[Site "?"]
[Date "2006.??.??"]
[Round "?"]
[White "Krol, Wladyslaw (POL)"]
[Black "Berggreen, Anders (DEN)"]
[Result "1-0"]
[WhiteElo "2410"]
[BlackElo "2414"]
[PlyCount "91"]
[EventDate "2006.??.??"]
[EventType "corr"]
[SourceDate "2006.05.16"]

1. e4 c5 2. f4 Nc6 3. Nf3 g6 4. Bc4 Bg7 5. c3 e6 6. Qe2 Nge7 7. Bb3 d5 8. d3
O-O 9. O-O Qc7 10. Na3 a6 11. e5 b5 12. Be3 c4 13. Bc2 Rb8 14. Rae1 f6 15. d4
a5 16. Bc1 fxe5 17. fxe5 b4 18. Nb1 Bd7 19. g4 Nd8 20. Qg2 Nf7 21. Rf2 Qa7 22.
Qg3 Bc6 23. h4 h6 24. Nbd2 Qd7 25. Ref1 Ba4 26. Bb1 Nh8 27. Kh1 Nf7 28. Ng1 Nh8
29. Rxf8+ Rxf8 30. Ndf3 Qb7 31. Bd2 Nf7 32. Ne2 Nh8 33. Nf4 Bd7 34. Qh2 Rf7 35.
Be3 Qb8 36. Qc2 Qf8 37. Qc1 bxc3 38. bxc3 Qe8 39. h5 g5 40. Nh3 a4 41. Qc2 Bf8
42. Nhxg5 hxg5 43. Bxg5 Nf5 44. gxf5 exf5 45. Rg1 Rg7 46. Qh2 1-0

[Event "2FoglarVeterans_GM_B"]
[Site "?"]
[Date "2006.??.??"]
[Round "?"]
[White "Ludwig, Christoph (GER)"]
[Black "Kurylo, Ryszard (LTU)"]
[Result "0-1"]
[WhiteElo "2527"]
[BlackElo "2424"]
[PlyCount "57"]
[EventDate "2006.??.??"]
[EventType "corr"]
[SourceDate "2006.05.16"]

1. e4 e5 2. Nf3 Nc6 3. Bb5 a6 4. Ba4 Nf6 5. O-O Be7 6. Re1 b5 7. Bb3 O-O 8. c3
d6 9. h3 Bb7 10. d4 Re8 11. Nbd2 Bf8 12. d5 Nb8 13. Nf1 Nbd7 14. g4 Nc5 15. Bc2
a5 16. Ng3 c6 17. dxc6 Bxc6 18. g5 Nfd7 19. h4 b4 20. Bd2 bxc3 21. Bxc3 Ne6 22.
Nh2 Nb6 23. Ng4 a4 24. Qf3 Qc7 25. Rac1 Qb7 26. Nf5 Nf4 27. Rcd1 Nc4 28. Nge3
Nxe3 29. fxe3 0-1

[Event "2FoglarVeterans_GM_B"]
[Site "?"]
[Date "2006.??.??"]
[Round "?"]
[White "Ludwig, Christoph (GER)"]
[Black "Isigkeit, Hans-Jurgen (GER)"]
[Result "1/2-1/2"]
[WhiteElo "2527"]
[BlackElo "2441"]
[PlyCount "79"]
[EventDate "2006.??.??"]
[EventType "corr"]
[SourceDate "2006.05.16"]

1. e4 c6 2. d4 d5 3. e5 Bf5 4. Nf3 e6 5. Be2 c5 6. O-O Nc6 7. c3 cxd4 8. cxd4
Nge7 9. a3 Nc8 10. Bg5 Be7 11. Bxe7 N8xe7 12. Nc3 O-O 13. Bd3 h6 14. Bxf5 Nxf5
15. Qd3 Na5 16. Rab1 Rc8 17. b3 Rc6 18. Rfc1 Qd7 19. g4 Ne7 20. Nb5 a6 21. Nd6
Rxc1+ 22. Rxc1 f6 23. Qc3 Nac6 24. Qc5 Ng6 25. exf6 Rxf6 26. Ne5 Ngxe5 27. dxe5
Nxe5 28. Qc8+ Qxc8 29. Rxc8+ Kh7 30. Nxb7 Nxg4 31. Nc5 e5 32. Nd7 Rf5 33. Kg2
Kg6 34. Rc6+ Kf7 35. h3 Nf6 36. Rc7 d4 37. Nxe5+ Kg8 38. Nd3 Rg5+ 39. Kf3 Rh5
40. Kg3 1/2-1/2

[Event "2FoglarVeterans_GM_B"]
[Site "?"]
[Date "2006.??.??"]
[Round "?"]
[White "Berggreen, Anders (DEN)"]
[Black "Isigkeit, Hans-Jurgen (GER)"]
[Result "1/2-1/2"]
[WhiteElo "2414"]
[BlackElo "2441"]
[PlyCount "116"]
[EventDate "2006.??.??"]
[EventType "corr"]
[SourceDate "2006.05.16"]

1. Nf3 d5 2. c4 e6 3. g3 Nf6 4. Bg2 dxc4 5. Qa4+ c6 6. Qxc4 Be7 7. O-O b5 8.
Qc2 Bb7 9. d4 O-O 10. Rd1 Nbd7 11. Ne5 Nxe5 12. dxe5 Nd5 13. e4 Nb4 14. Qe2 Qc7
15. a3 Na6 16. Be3 Rad8 17. Nc3 Nb8 18. f4 a6 19. Rac1 Rxd1+ 20. Rxd1 c5 21. a4
b4 22. Nb1 Rc8 23. Rc1 c4 24. Nd2 c3 25. Nb3 Qd7 26. bxc3 Qxa4 27. Qb2 Nd7 28.
Bd4 h6 29. cxb4 Rxc1+ 30. Nxc1 a5 31. Qb3 Qxb3 32. Nxb3 Bxb4 33. Kf2 a4 34. Na1
a3 35. Ke3 Bc6 36. Bf1 Ba4 37. Bc4 Nc5 38. g4 Kf8 39. Ba2 Ke7 40. f5 Kd7 41.
Bxc5 Bxc5+ 42. Kd3 Bd1 43. h3 Ke7 44. Nb3 Bf2 45. Nd2 Bg3 46. Nc4 Bf3 47. Ke3
Bg2 48. Nxa3 Bxh3 49. Kf3 Bxe5 50. Nc4 Bh2 51. Ne3 Kf6 52. fxe6 fxe6 53. Bc4
Kg5 54. Bxe6 h5 55. Bf5 g6 56. gxh5 gxf5 57. Nxf5 Kxh5 58. Ne3 Kg5 1/2-1/2

[Event "2FoglarVeterans_GM_B"]
[Site "?"]
[Date "2006.??.??"]
[Round "?"]
[White "Dedina, Miroslav (CZE)"]
[Black "Green, Wesley C. (USA)"]
[Result "1/2-1/2"]
[WhiteElo "2414"]
[BlackElo "2438"]
[PlyCount "85"]
[EventDate "2006.??.??"]
[EventType "corr"]
[SourceDate "2006.05.16"]

1. c4 c5 2. Nc3 Nc6 3. Nf3 e5 4. g3 g6 5. Bg2 Bg7 6. O-O Nge7 7. d3 d6 8. a3
O-O 9. Rb1 a5 10. Bd2 Rb8 11. Qc1 b6 12. Ng5 f6 13. Nge4 Be6 14. f4 d5 15. cxd5
Nxd5 16. fxe5 Nxe5 17. h3 Qd7 18. Kh2 Rbd8 19. Bh6 Nc6 20. Bxg7 Kxg7 21. Nxd5
Bxd5 22. Qf4 f5 23. Nc3 Bxg2 24. Kxg2 h6 25. Rbe1 Rde8 26. Kh2 Re7 27. Qf2 Qd6
28. Qg2 Re5 29. e4 Nd4 30. a4 Qc6 31. Kh1 Rfe8 32. g4 fxe4 33. dxe4 Ne6 34. h4
g5 35. Nd5 gxh4 36. Rf6 Rf8 37. Rf5 Rfxf5 38. gxf5+ Ng5 39. Nc3 h3 40. Qg4 Kg8
41. Re3 Kf7 42. Re2 Kf8 43. Qf4 1/2-1/2

[Event "2FoglarVeterans_GM_B"]
[Site "?"]
[Date "2006.??.??"]
[Round "?"]
[White "Kurylo, Ryszard (LTU)"]
[Black "Dedina, Miroslav (CZE)"]
[Result "1/2-1/2"]
[WhiteElo "2424"]
[BlackElo "2414"]
[PlyCount "82"]
[EventDate "2006.??.??"]
[EventType "corr"]
[SourceDate "2006.05.16"]

1. Nf3 d5 2. d4 c6 3. c4 Nf6 4. Nc3 e6 5. e3 a6 6. b3 Nbd7 7. Bd3 b6 8. O-O Bd6
9. Qc2 Qc7 10. a4 dxc4 11. bxc4 Bb7 12. a5 b5 13. c5 Be7 14. Ne4 Nxe4 15. Bxe4
h5 16. Bb2 h4 17. h3 O-O-O 18. Bd3 Kb8 19. e4 g5 20. Nh2 e5 21. Ng4 f6 22. Be2
Bc8 23. Ne3 exd4 24. Bxd4 Nf8 25. Bc3 Ne6 26. Bg4 Rhf8 27. Rac1 Nxc5 28. Bxc8
Rxc8 29. Bd4 Ne6 30. Bb6 Qb7 31. Rfd1 c5 32. Nf5 Rfe8 33. Rd2 c4 34. Rcd1 Nc5
35. f3 Nd3 36. Kh1 Rc6 37. Nd4 Rd6 38. Nf5 Rd7 39. Qc3 Bd8 40. Bg1 Ka8 41. Ne3
Bc7 1/2-1/2

[Event "2FoglarVeterans_GM_B"]
[Site "?"]
[Date "2006.??.??"]
[Round "?"]
[White "Ludwig, Christoph (GER)"]
[Black "Kostal, Jindrich (CZE)"]
[Result "0-1"]
[WhiteElo "2527"]
[BlackElo "2435"]
[PlyCount "79"]
[EventDate "2006.??.??"]
[EventType "corr"]
[SourceDate "2006.05.16"]

1. e4 e5 2. Nf3 Nc6 3. Bb5 a6 4. Ba4 Nf6 5. O-O Be7 6. Re1 b5 7. Bb3 d6 8. c3
O-O 9. h3 Nb8 10. d4 Nbd7 11. Nbd2 Bb7 12. Bc2 Re8 13. Nf1 Bf8 14. Ng3 g6 15.
Bg5 h6 16. Bd2 Bg7 17. a4 c5 18. d5 c4 19. b4 cxb3 20. Bxb3 Qc7 21. c4 bxa4 22.
Bxa4 Reb8 23. Qc1 Nc5 24. Bc2 Kh7 25. Qa3 Bc8 26. Ba5 Qe7 27. Rab1 Nfd7 28. Ne2
Rb7 29. Nc3 Rab8 30. Rxb7 Rxb7 31. Na2 Nb6 32. Nd2 Qg5 33. Rb1 Nbd7 34. Bb4 Bf8
35. Re1 Ra7 36. Ba5 Ra8 37. Nf3 Qf6 38. Rb1 Kg8 39. Nb4 Qf4 40. g3 0-1

[Event "2FoglarVeterans_GM_B"]
[Site "?"]
[Date "2006.??.??"]
[Round "?"]
[White "Ludwig, Christoph (GER)"]
[Black "Roos, Jacqueline (FRA)"]
[Result "0-1"]
[WhiteElo "2527"]
[BlackElo "2406"]
[PlyCount "84"]
[EventDate "2006.??.??"]
[EventType "corr"]
[SourceDate "2006.05.16"]

1. e4 e5 2. Nf3 Nc6 3. Bb5 a6 4. Ba4 Nf6 5. O-O Be7 6. Re1 b5 7. Bb3 d6 8. c3
O-O 9. h3 Na5 10. Bc2 c5 11. d4 Qc7 12. d5 Nc4 13. b3 Nb6 14. a4 bxa4 15. bxa4
a5 16. Na3 Ba6 17. Rb1 Rfb8 18. Nb5 Qd7 19. Qe2 g6 20. c4 Nh5 21. Bb3 Bf6 22.
Nh2 Bg7 23. Be3 Nf4 24. Qd2 Nh5 25. Ng4 Kh8 26. Nh6 f5 27. Bg5 Bxb5 28. cxb5 c4
29. Bd1 fxe4 30. Bg4 Qb7 31. Bxh5 Bxh6 32. Bxh6 gxh5 33. Be3 Qxd5 34. Qc2 Qd3
35. Qa2 Qd5 36. Rbd1 Qe6 37. Bxb6 Rxb6 38. Rxe4 d5 39. Re3 Rg8 40. Qe2 Rd6 41.
f4 Qf7 42. Rxe5 Rdg6 0-1

[Event "2FoglarVeterans_GM_B"]
[Site "?"]
[Date "2006.??.??"]
[Round "?"]
[White "Horvath, Alexander (SVK)"]
[Black "Kurylo, Ryszard (LTU)"]
[Result "1-0"]
[WhiteElo "2413"]
[BlackElo "2424"]
[PlyCount "105"]
[EventDate "2006.??.??"]
[EventType "corr"]
[SourceDate "2006.05.16"]

1. e4 e5 2. Nf3 Nc6 3. Bb5 a6 4. Bxc6 dxc6 5. O-O Ne7 6. Nxe5 Qd4 7. Qh5 g6 8.
Qg5 Bg7 9. Nd3 f5 10. e5 Be6 11. Qe3 Qxe3 12. dxe3 b6 13. b3 c5 14. Bb2 Rd8 15.
Nd2 Nc6 16. Rad1 Kf7 17. Nf3 h6 18. h4 a5 19. Nf4 a4 20. c4 Na5 21. Rb1 Nc6 22.
Bc3 Rd7 23. Rfc1 Rhd8 24. Kh2 Bh8 25. Rg1 a3 26. Rbc1 Bg7 27. g3 Bh8 28. Kg2
Bg7 29. Kf1 Bh8 30. Ke2 Bg7 31. Rcd1 Rxd1 32. Rxd1 Re8 33. Rd2 Bh8 34. Nd3 Bg7
35. Nfe1 Bh8 36. f4 Ra8 37. e4 fxe4 38. Nf2 e3 39. Kxe3 Bg7 40. Nc2 Ne7 41. Ne4
Nf5+ 42. Kf3 Bf8 43. g4 Nxh4+ 44. Kg3 Be7 45. Nf6 Bxf6 46. exf6 g5 47. f5 Bxf5
48. gxf5 Nxf5+ 49. Kf3 Re8 50. Rd7+ Kg6 51. Rxc7 h5 52. f7 Rf8 53. Rb7 1-0

[Event "2FoglarVeterans_GM_B"]
[Site "?"]
[Date "2006.??.??"]
[Round "?"]
[White "Lounek, Jan (CZE)"]
[Black "Kurylo, Ryszard (LTU)"]
[Result "1-0"]
[WhiteElo "2517"]
[BlackElo "2424"]
[PlyCount "109"]
[EventDate "2006.??.??"]
[EventType "corr"]
[SourceDate "2006.05.16"]

1. e4 e5 2. Nf3 Nc6 3. Bb5 a6 4. Ba4 Nf6 5. O-O Be7 6. Re1 b5 7. Bb3 O-O 8. h3
d6 9. c3 Bb7 10. d4 Re8 11. Nbd2 Bf8 12. d5 Nb8 13. Nf1 Nbd7 14. Ng3 Nc5 15.
Bc2 c6 16. b4 Ncd7 17. dxc6 Bxc6 18. Bb3 h6 19. Nh2 a5 20. a3 Nb6 21. Ng4 a4
22. Ba2 Nc4 23. Bxc4 bxc4 24. Ra2 Nxg4 25. Qxg4 g6 26. Be3 Bd7 27. Qf3 Be6 28.
Rd2 Qc7 29. Qd1 Qb7 30. f4 exf4 31. Bxf4 Rad8 32. Be3 Qb5 33. Bd4 Be7 34. Qf3
Bg5 35. Rf2 Bh4 36. Rff1 Qg5 37. Re3 Qxg3 38. Qxg3 Bxg3 39. Rxg3 Rb8 40. Be3
Kh7 41. Rd1 Rbd8 42. Rf3 f5 43. b5 d5 44. exf5 Bxf5 45. b6 Rd7 46. Bd4 Rb7 47.
Rdf1 Kg8 48. g4 Be6 49. Rf6 Bf7 50. Rc6 Re6 51. Rc5 h5 52. g5 Ree7 53. Ra5 Rb8
54. Rxa4 Be8 55. Ra5 1-0

[Event "2FoglarVeterans_GM_B"]
[Site "?"]
[Date "2006.??.??"]
[Round "?"]
[White "Krol, Wladyslaw (POL)"]
[Black "Salov, Sergey A. (RUS)"]
[Result "1-0"]
[WhiteElo "2410"]
[BlackElo "2383"]
[PlyCount "89"]
[EventDate "2006.??.??"]
[EventType "corr"]
[SourceDate "2006.05.16"]

1. e4 c5 2. f4 d5 3. Nf3 dxe4 4. Ng5 Nf6 5. Bc4 e6 6. Nc3 a6 7. Ngxe4 Nxe4 8.
Nxe4 b5 9. Be2 Bb7 10. Bf3 c4 11. d4 cxd3 12. c3 Nc6 13. Be3 e5 14. O-O f5 15.
fxe5 fxe4 16. Bxe4 Qh4 17. Rf4 Qe7 18. Qh5+ g6 19. Bxg6+ hxg6 20. Qxh8 Qg7 21.
Qh3 Qxe5 22. Bd2 Bd6 23. Raf1 Be7 24. Rf7 Bc8 25. Qf3 Bb7 26. Qxd3 g5 27. Qh3
Rd8 28. Bxg5 Qxg5 29. Rh7 Bc5+ 30. Kh1 Bc8 31. Rh8+ Ke7 32. Qh7+ Kd6 33. Rd1+
Bd4 34. Rxd8+ Qxd8 35. cxd4 Qg5 36. d5 Ne7 37. Qh8 Nf5 38. Rf1 Bd7 39. Qc3 Qh4
40. Rc1 Qf2 41. Qf6+ Kxd5 42. Qd8 Kd6 43. Rd1+ Nd4 44. b4 Qe3 45. h4 1-0

[Event "2FoglarVeterans_GM_B"]
[Site "?"]
[Date "2006.??.??"]
[Round "?"]
[White "Grabner, Helmut (AUT)"]
[Black "Roos, Jacqueline (FRA)"]
[Result "0-1"]
[WhiteElo "2416"]
[BlackElo "2406"]
[PlyCount "192"]
[EventDate "2006.??.??"]
[EventType "corr"]
[SourceDate "2006.05.16"]

1. e4 e5 2. Nf3 Nc6 3. Bb5 a6 4. Ba4 Nf6 5. O-O Be7 6. Qe2 b5 7. Bb3 O-O 8. c3
d5 9. d3 Re8 10. Re1 Bb7 11. Nbd2 Bf8 12. a3 h6 13. exd5 Na5 14. Ba2 Bxd5 15.
b4 Bxa2 16. Rxa2 Nc6 17. Ne4 Nd5 18. Qd1 Qd7 19. c4 Nb6 20. Rd2 Na4 21. Qb3 Kh8
22. Bb2 Nxb2 23. Qxb2 Nd4 24. Nxd4 Qxd4 25. Nc3 c6 26. Rde2 f5 27. Re3 bxc4 28.
dxc4 a5 29. c5 axb4 30. axb4 Rab8 31. Qe2 Qxb4 32. Rxe5 Rxe5 33. Qxe5 Rd8 34.
Rf1 Qxc5 35. Qc7 Rd2 36. Qc8 Kg8 37. Nd1 Kh7 38. g3 f4 39. Nc3 fxg3 40. hxg3
Qxc3 41. Qxf8 Qe5 42. Rc1 Qe4 43. Qc5 Re2 44. Qc3 Qd5 45. Qb4 Qf7 46. Qb1+ Kg8
47. Qb8+ Kh7 48. Qb1+ Kh8 49. Qb8+ Re8 50. Qb4 Qf3 51. Qc3 Qd5 52. Qb4 Kg8 53.
Rc5 Qf3 54. Qc4+ Kh8 55. Qc3 Qxc3 56. Rxc3 Rc8 57. f4 Kg8 58. Kf2 Kf7 59. Ke3
Ke6 60. g4 Re8 61. Kf3 Kd6 62. Rd3+ Kc7 63. Rc3 Re7 64. Rc1 Kb6 65. Rb1+ Ka5
66. Ra1+ Kb4 67. Rb1+ Ka3 68. Rc1 Rc7 69. Ke4 c5 70. Kd3 Kb2 71. Rc2+ Kb3 72.
Rc3+ Kb4 73. Rc4+ Kb5 74. Re4 Ra7 75. Re6 Ra6 76. Re4 Ra3+ 77. Ke2 Ra2+ 78. Ke3
Ra1 79. Ke2 Rg1 80. f5 c4 81. Kf2 Rh1 82. Kg2 Rd1 83. Re7 c3 84. Rc7 Kb4 85.
Rb7+ Kc4 86. Rc7+ Kd3 87. Rd7+ Ke2 88. Re7+ Kd2 89. Rd7+ Kc1 90. Rxg7 c2 91.
Kf3 Kb2 92. Rb7+ Ka3 93. Ra7+ Kb3 94. Rb7+ Ka4 95. Ra7+ Kb5 96. Rc7 c1=Q 0-1

[Event "2FoglarVeterans_GM_B"]
[Site "?"]
[Date "2006.??.??"]
[Round "?"]
[White "Green, Wesley C. (USA)"]
[Black "Krol, Wladyslaw (POL)"]
[Result "1-0"]
[WhiteElo "2438"]
[BlackElo "2410"]
[PlyCount "101"]
[EventDate "2006.??.??"]
[EventType "corr"]
[SourceDate "2006.05.16"]

1. e4 e5 2. Nf3 Nc6 3. Bb5 a6 4. Ba4 Nf6 5. O-O Bc5 6. c3 Ng4 7. d4 Ba7 8. h3
h5 9. Na3 Qf6 10. Nc2 Qg6 11. Re1 f6 12. b4 d6 13. b5 axb5 14. Bxb5 Kf8 15. Qd3
Ne7 16. Bc4 f5 17. Nh4 Qf6 18. Nxf5 Nxf5 19. exf5 Bxf5 20. Qd1 exd4 21. hxg4
hxg4 22. Nxd4 Qh4 23. Kf1 Qh1+ 24. Ke2 Qxg2 25. Be3 g3 26. Rg1 Qe4 27. Rxg3
Bg4+ 28. Rxg4 Qxg4+ 29. Kd3 Qxd1+ 30. Rxd1 c6 31. Bb3 Rh3 32. Be6 Rh7 33. Bf4
d5 34. Bd6+ Ke8 35. Re1 Kd8 36. Bf5 Bxd4 37. Bxh7 Bxf2 38. Re2 Kd7 39. Bf4 Bc5
40. Bf5+ Kd8 41. Be5 Bf8 42. Rf2 b5 43. Bg4 Bc5 44. Rf7 Ra7 45. Rxa7 Bxa7 46.
Bxg7 Bf2 47. Be5 Ke7 48. Kc2 Bc5 49. Kb3 Kd8 50. a4 bxa4+ 51. Kxa4 1-0

[Event "2FoglarVeterans_GM_B"]
[Site "?"]
[Date "2006.??.??"]
[Round "?"]
[White "Roos, Jacqueline (FRA)"]
[Black "Kurylo, Ryszard (LTU)"]
[Result "1/2-1/2"]
[WhiteElo "2406"]
[BlackElo "2424"]
[PlyCount "124"]
[EventDate "2006.??.??"]
[EventType "corr"]
[SourceDate "2006.05.16"]

1. e4 e5 2. Nf3 Nc6 3. Bb5 a6 4. Ba4 Nf6 5. O-O Be7 6. Re1 b5 7. Bb3 O-O 8. h3
d6 9. c3 Bb7 10. d4 Re8 11. Nbd2 Bf8 12. d5 Nb8 13. Nf1 Nbd7 14. Ng3 Nc5 15.
Bc2 g6 16. b4 Ncd7 17. a4 c6 18. dxc6 Bxc6 19. Bb3 Nb6 20. axb5 axb5 21. Rxa8
Qxa8 22. Qd3 h6 23. h4 Qc8 24. Be3 Na4 25. Bd2 Bd7 26. Nh2 Nb2 27. Qf3 Qd8 28.
h5 Nc4 29. Bxc4 bxc4 30. hxg6 fxg6 31. Ra1 Qe7 32. Qe2 Be6 33. Be3 Rb8 34. Qd2
Kh7 35. Ra7 Rb7 36. Ra8 Ne8 37. Nf3 Nc7 38. Ra5 Qd7 39. Qc2 Bg7 40. Ne2 d5 41.
Ra1 Bg4 42. Rd1 Qf7 43. exd5 Bxf3 44. gxf3 Qxf3 45. d6 Nd5 46. Qd2 Qg4+ 47. Kf1
Qh3+ 48. Kg1 Nf6 49. Ng3 h5 50. Qe2 h4 51. Nf1 Ne4 52. d7 Nxc3 53. Qe1 Rxd7 54.
Rxd7 Qxd7 55. Qxc3 e4 56. Qxc4 Qg4+ 57. Ng3 hxg3 58. Qc5 Qd1+ 59. Kg2 Qf3+ 60.
Kg1 gxf2+ 61. Bxf2 Qg4+ 62. Kf1 Qf5 1/2-1/2